000 00514nam a2200181Ia 4500
005 20250508152055.0
008 008 250505s9999 xx 000 0 eng d
037 _aTextual
040 _aFEDL
_beng
_cFEDL
041 _aeng
_2eng
084 _a321.8, KIM
_qFEDL
100 _aKimble David
_9116800
245 0 _aMachinery of self - government : A west African problem
260 _aLondon, UK
_bPenguin Books
_c1956
300 _a124p.
942 _cTEXL
_h321.8, KIM
999 _c1334079
_d1334079